00649nam a2200181 a 450000100100000000500170001000800410002702000180006804000250008610000380011124500560014926000370020530000210024250000730026304900090033695201050034599900170045000003530920200930074240.0111027s2007 xxu 000 0 spa d a9781933439129 aDO-SdBNPbspacBNPHU1 aGutiérrez, José Ismael94279110aReinaldo Arenas :bentre el placer y el infierno /. aCanadá :bCursack Book,c2007. a142 p. ;c22 cm. aIncluye referencias bibliográficas y notas al pie de las páginas aBNPD 001050718MOaGRbGRcHDd2011-10-27iLF1l0o p35309-10r2020-06-25w2020-06-25y1ZNo se presta c34800d34800